| Tag |
First Indicator |
Second Indicator |
Subfields |
| LEADER |
00000cam a22000008a 4500 |
| 001 |
in00000009009 |
| 005 |
20151007051446.0 |
| 008 |
870211s1987 nyu 00011 eng |
| 010 |
|
|
|a 87002411
|
| 020 |
|
|
|a 0394549252 :
|c $15.95
|
| 035 |
|
|
|a (OCoLC)15251797
|
| 035 |
|
|
|9 AAA3080AM
|
| 040 |
|
|
|a DLC
|c DLC
|d m/c
|d TXA
|d UtOrBLW
|
| 049 |
|
|
|a TXAM
|c [A12641348]
|
| 050 |
0 |
0 |
|a PS3572.A4292
|b S4 1987
|
| 082 |
0 |
|
|a 813/.54
|2 19
|
| 100 |
1 |
|
|a Van de Wetering, Janwillem,
|d 1931-2008.
|
| 245 |
1 |
4 |
|a The sergeant's cat and other stories /
|c Janwillem van de Wetering.
|
| 264 |
|
1 |
|a New York :
|b Pantheon Books,
|c [1987]
|
| 264 |
|
4 |
|c ©1987
|
| 300 |
|
|
|a 218 pages
|
| 336 |
|
|
|a text
|b txt
|2 rdacontent
|
| 337 |
|
|
|a unmediated
|b n
|2 rdamedia
|
| 338 |
|
|
|a volume
|b nc
|2 rdacarrier
|
| 650 |
|
0 |
|a Detective and mystery stories, American.
|
| 999 |
|
|
|a MARS
|
| 999 |
f |
f |
|s b0bc7499-5616-34d6-bedf-e266efdd24b5
|i e95aaa1f-d21f-32e2-a11e-99123a1a4d89
|t 0
|
| 952 |
f |
f |
|p ric
|a Texas A&M University
|b Rellis Campus
|c Joint Library Facility
|d Remote Storage
|t 0
|e PS3572.A4292 S4 1987
|h Library of Congress classification
|i unmediated -- volume
|m A14812641348
|
| 998 |
f |
f |
|a PS3572.A4292 S4 1987
|t 0
|l Remote Storage
|